000
00191 a2200097 4500
001
13648
100
_a
Yapp M
245
_a
Ibn-e-Seena
260
_a
London
_b
Harrap
_c
090
_c
10642
_d
10642
942
_a
NUST-CAE
_c
M
_c
717
999
_c
248721
_d
248721